Marka samochodu według jego modelu - Statystyki

Ogólne statystyki
  • Ten quiz został rozwiązany 99 razy
  • Średni wynik to 10 z 15
Statystyki odpowiedzi
Model Marka % Poprawnych
Yaris Toyota
93%
M5 e60 BMW
92%
RS7 Audi
90%
Insignia Opel
89%
Mondeo Ford
88%
Model-X Tesla
79%
Transit Ford
76%
Gulia Alfa Romeo
71%
E63 Mercedes
68%
Viper Dodge
67%
GT3 Porsche
64%
Testarossa Ferrari
54%
ML Mercedes
37%
Agera r Koeniggseg
12%
Amulet Cherry
10%
Nie znaleziono quizów pasujących do podanych kryteriów
Rozkład punktacji
Procent ludzi z każdym wynikiem
Percentyl według liczby udzielonych odpowiedzi
Twoja historia wyników
Nie rozwiązałeś tego quizu